| 000 | 00815nam a2200241 a 4500 | ||
|---|---|---|---|
| 001 | 000022421 | ||
| 003 | DO-SdBNP | ||
| 005 | 20240510073819.0 | ||
| 008 | 101011s2009 dr 000 0 spa d | ||
| 040 |
_aDO-SdBNP _bspa _cBNPHU |
||
| 082 | 4 |
_a248.8 _bJ35c _222 |
|
| 100 | 1 |
_aJapa, Dominga, _d1968- _946221 |
|
| 245 | 1 | 3 |
_aEl camino hacia Dios : _bdel nuevo creyente para el no creyente / _cDominga Japa ; prólogo Frantoni Santana. |
| 260 |
_aSanto Domingo : _b[s.n.], _c2009. |
||
| 300 |
_a132 p. ; _c21 cm. |
||
| 500 | _aIncluye datos biográficos de la autora en la contracubierta. | ||
| 590 | _aInventariado, 2018/ YL | ||
| 650 | 4 |
_aEvangelización _9476 |
|
| 650 | 0 |
_aVida cristiana _9668 |
|
| 700 | 1 |
_aSantana, Frantoni, _epról. _946222 |
|
| 910 | _aValidado. Control de calidad EMS. | ||
| 942 |
_2ddc _cLBS1 |
||
| 999 |
_c21919 _d21919 |
||